<?xml version='1.0' encoding='UTF-8'?>
  <record xmlns="http://www.loc.gov/MARC21/slim">
    <leader>00000cam a22000007  4500</leader>
    <controlfield tag="001">ocm36895876</controlfield>
    <controlfield tag="003">OCoLC</controlfield>
    <controlfield tag="005">20250625004937.2</controlfield>
    <controlfield tag="008">970513s1700    ne ad         000 0 dut d</controlfield>
    <datafield tag="040" ind1=" " ind2=" ">
      <subfield code="a">CGU</subfield>
      <subfield code="b">eng</subfield>
      <subfield code="c">CGU</subfield>
      <subfield code="d">OCLCQ</subfield>
      <subfield code="d">QGJ</subfield>
      <subfield code="d">OCL</subfield>
      <subfield code="d">OCLCQ</subfield>
      <subfield code="d">OCLCL</subfield>
    </datafield>
    <datafield tag="026" ind1=" " ind2=" ">
      <subfield code="e">170004 - a1 2* n : *a2 3*2 nt$zy - b1 A, : b2 2K2 $te</subfield>
      <subfield code="2">stcnf</subfield>
    </datafield>
    <datafield tag="035" ind1=" " ind2=" ">
      <subfield code="a">(OCoLC)36895876</subfield>
    </datafield>
    <datafield tag="041" ind1="1" ind2=" ">
      <subfield code="a">dut</subfield>
      <subfield code="h">fre</subfield>
    </datafield>
    <datafield tag="082" ind1="1" ind2="4">
      <subfield code="a">509</subfield>
      <subfield code="q">OCoLC</subfield>
      <subfield code="1">https://id.oclc.org/worldcat/ddc/E3kk7D6ycdCqfr3pCCxF4PGWg3</subfield>
    </datafield>
    <datafield tag="100" ind1="1" ind2=" ">
      <subfield code="a">Hartsoeker, Nicolaas,</subfield>
      <subfield code="d">1656-1725.</subfield>
    </datafield>
    <datafield tag="240" ind1="1" ind2="0">
      <subfield code="a">Principes de physique.</subfield>
      <subfield code="l">Dutch</subfield>
    </datafield>
    <datafield tag="245" ind1="1" ind2="0">
      <subfield code="a">Beginsselen der natuur-kunde;</subfield>
      <subfield code="c">in het Frans beschreeven van de heer Nicolaas Hartsoeker, en vertaald door A. Block.</subfield>
    </datafield>
    <datafield tag="260" ind1=" " ind2=" ">
      <subfield code="a">T'Amsteldam,</subfield>
      <subfield code="b">by Jan ten Hoorn, by Jan ten Hoorn, boekverkooper over 't Oude-zyds Heeren Logement, in de Historie-Schryver,</subfield>
      <subfield code="c">1700.</subfield>
    </datafield>
    <datafield tag="300" ind1=" " ind2=" ">
      <subfield code="a">10 preliminary leaves, 260 pages</subfield>
      <subfield code="b">illustrations, folded chart, diagrams</subfield>
      <subfield code="c">25 cm (4to)</subfield>
    </datafield>
    <datafield tag="336" ind1=" " ind2=" ">
      <subfield code="a">text</subfield>
      <subfield code="b">txt</subfield>
      <subfield code="2">rdacontent</subfield>
    </datafield>
    <datafield tag="337" ind1=" " ind2=" ">
      <subfield code="a">unmediated</subfield>
      <subfield code="b">n</subfield>
      <subfield code="2">rdamedia</subfield>
    </datafield>
    <datafield tag="338" ind1=" " ind2=" ">
      <subfield code="a">volume</subfield>
      <subfield code="b">nc</subfield>
      <subfield code="2">rdacarrier</subfield>
    </datafield>
    <datafield tag="500" ind1=" " ind2=" ">
      <subfield code="a">Signatures: [*]2 2*-3*4 A-2I4 2K2</subfield>
    </datafield>
    <datafield tag="510" ind1="4" ind2=" ">
      <subfield code="a">Short title catalogue Netherlands,</subfield>
      <subfield code="c">108175081</subfield>
    </datafield>
    <datafield tag="700" ind1="1" ind2=" ">
      <subfield code="a">Block, Alexander,</subfield>
      <subfield code="d">active 1687-1700,</subfield>
      <subfield code="e">translator.</subfield>
    </datafield>
    <datafield tag="700" ind1="1" ind2=" ">
      <subfield code="a">Hoorn, Jan Claesz ten,</subfield>
      <subfield code="d">active 1671-1715,</subfield>
      <subfield code="e">printer,</subfield>
      <subfield code="e">bookseller.</subfield>
      <subfield code="1">https://id.oclc.org/worldcat/entity/E39PCjFMPHjghCmFpPBb7vJJjC</subfield>
    </datafield>
    <datafield tag="758" ind1=" " ind2=" ">
      <subfield code="i">has work:</subfield>
      <subfield code="a">Beginsselen der natuur-kunde (Text)</subfield>
      <subfield code="1">https://id.oclc.org/worldcat/entity/E39PCFJGcRpybP6jjKVdtfRJCP</subfield>
      <subfield code="4">https://id.oclc.org/worldcat/ontology/hasWork</subfield>
    </datafield>
  </record>